| 000 | 00351nam a2200145Ia 4500 | ||
|---|---|---|---|
| 008 | 191201s2019 xx 000 0 und d | ||
| 082 |
_a005.133 _bSAD |
||
| 100 | _aSalaria, R.S. | ||
| 245 | 0 | _aData structure and algorithms using C... | |
| 250 | _a4th | ||
| 260 |
_aN.Delhi _bKhanna Publisher |
||
| 300 | _a522 | ||
| 650 | _aMCA | ||
| 942 |
_2ddc _cBK _04 |
||
| 999 |
_c3988 _d3988 |
||